FILOGRAPHY AN INTRODUCTION TO THREAD SCULPTURE (Record no. 582001)

000 -LEADER
fixed length control field 00301nam a22001217a 4500
020 ## - INTERNATIONAL STANDARD BOOK NUMBER
International Standard Book Number 0-330-24155-9
082 ## - DEWEY DECIMAL CLASSIFICATION NUMBER
Classification number 745 DIX'F
100 ## - MAIN ENTRY--PERSONAL NAME
Personal name DIX, DOUGLASK
9 (RLIN) 76654
245 ## - TITLE STATEMENT
Title FILOGRAPHY AN INTRODUCTION TO THREAD SCULPTURE
260 ## - PUBLICATION, DISTRIBUTION, ETC.
Place of publication, distribution, etc. AUSRALIA
Name of publisher, distributor, etc. HOBBIES/PASTIMES
Date of publication, distribution, etc. 1975
300 ## - PHYSICAL DESCRIPTION
Extent 64P
942 ## - ADDED ENTRY ELEMENTS (KOHA)
Koha item type Book
Holdings
Withdrawn status Lost status Damaged status Not for loan Permanent Location Current Location Shelving location Date acquired Total Checkouts Full call number Barcode Date last seen Price effective from Koha item type
        College of Electrical & Mechanical Engineering (CEME) College of Electrical & Mechanical Engineering (CEME) General Stacks 06/01/2017   745 DIX'F CEME-11027 06/28/2021 06/28/2021 Book
© 2023 Central Library, National University of Sciences and Technology. All Rights Reserved.